[Event "Online Olym Div2 C 2021"]
[Site "chess.com INT"]
[Date "2021.09.03"]
[Round "6.4"]
[Board "2"]
[White "Smirin, Ilia"]
[Black "Ostmoe, Geir Sune Tallaksen"]
[Result "1-0"]
[WhiteTitle "GM"]
[BlackTitle "IM"]
[WhiteElo "2616"]
[BlackElo "2469"]
[WhiteTeam "Israel"]
[BlackTeam "Norway"]
[WhiteFideId "2801990"]
[BlackFideId "1502778"]
[EventDate "2021.09.02"]
[EventType "team"]

1. e4 c6 2. d4 d5 3. e5 Bf5 4. Nf3 e6 5. Be2 c5 6. Be3 cxd4 7. Nxd4 Ne7 8. Nd2
Nbc6 9. N2f3 Be4 10. O-O Bxf3 11. Nxf3 Nf5 12. Bf4 Be7 13. Bd3 g5 14. Bxf5 exf5
15. Bd2 g4 16. Ne1 Nxe5 17. Bc3 f6 18. Nd3 d4 19. Bd2 O-O 20. Re1 Bd6 21. Nf4
Qd7 22. c3 dxc3 23. Bxc3 Rad8 24. Qb3+ Rf7 25. Rad1 Qe7 26. Qc2 Kh8 27. Qxf5 Rg8
28. Nd5 Qf8 29. Nxf6 Rxf6 30. Bxe5 Bxe5 31. Qxe5 Rg7 32. Rd4 Rf5 33. Qe3 Kg8 34.
Re4 Qd6 35. Re8+ Rf8 36. Qxa7 Rf7 37. Rxf8+ Kxf8 38. Qe3 Qf6 39. b4 Kg7 40. a4
h5 41. a5 Qf5 42. Qe5+ Kg6 43. Qxf5+ Rxf5 44. Re6+ Kg5 45. Rb6 Rd5 46. g3 h4 47.
gxh4+ Kf4 48. Rxb7 Kf3 49. Rf7+ 1-0

[Event "Online Olym Div2 C 2021"]
[Site "chess.com INT"]
[Date "2021.09.03"]
[Round "6.4"]
[Board "3"]
[White "Dolzhikova, Olga"]
[Black "Shvayger, Yuliya"]
[Result "1/2-1/2"]
[WhiteTitle "WGM"]
[BlackTitle "IM"]
[WhiteElo "2187"]
[BlackElo "2351"]
[WhiteTeam "Norway"]
[BlackTeam "Israel"]
[WhiteFideId "14105870"]
[BlackFideId "14100126"]
[EventDate "2021.09.02"]
[EventType "team"]

1. e4 c5 2. c3 d5 3. exd5 Qxd5 4. d4 Nf6 5. Nf3 e6 6. Be2 Be7 7. O-O O-O 8. c4
Qd8 9. dxc5 Bxc5 10. Nc3 Nc6 11. Bg5 h6 12. Bh4 Be7 13. a3 e5 14. Bg3 e4 15. Ne5
Nd4 16. Re1 Bf5 17. Nd5 Ne6 18. Nxf6+ Bxf6 19. Qd5 Nd4 20. Rad1 Qxd5 21. cxd5
Nxe2+ 22. Rxe2 Bxe5 23. Bxe5 Bg4 24. f3 exf3 25. Rf2 fxg2 26. Rd3 f6 27. Bc7
Rfe8 28. Kxg2 h5 29. d6 Bd7 30. Kg3 Kf7 31. Rff3 g5 32. Ba5 Re2 33. Rfe3 Re8 34.
Rxe8 Kxe8 35. h4 Kf7 36. Bc3 Ke6 37. Rf3 gxh4+ 38. Kxh4 f5 39. Kxh5 Kxd6 40. Kg5
Re4 41. Rf4 Re2 42. Rf3 b6 43. Rd3+ Kc6 44. Kf4 Be6 45. Re3 Rxe3 46. Kxe3 Kd5
47. Bg7 Kc4 48. Bc3 a5 49. Bf6 b5 50. Kf4 b4 51. axb4 axb4 52. Ke3 b3 53. Kf4
Bd7 1/2-1/2

[Event "Online Olym Div2 C 2021"]
[Site "chess.com INT"]
[Date "2021.09.03"]
[Round "6.4"]
[Board "4"]
[White "Klinova, Masha"]
[Black "Rodsmoen, Maud"]
[Result "1-0"]
[WhiteTitle "IM"]
[BlackTitle "WFM"]
[WhiteElo "2263"]
[BlackElo "1953"]
[WhiteTeam "Israel"]
[BlackTeam "Norway"]
[WhiteFideId "2802015"]
[BlackFideId "1510550"]
[EventDate "2021.09.02"]
[EventType "team"]

1. e4 c5 2. Nf3 e6 3. c4 Nc6 4. Nc3 a6 5. Be2 Qc7 6. O-O Nf6 7. d4 cxd4 8. Nxd4
Nxd4 9. Qxd4 Bc5 10. Qd3 O-O 11. Be3 b6 12. Rac1 Bb7 13. a3 Bxe3 14. Qxe3 Rac8
15. b4 Qc6 16. f3 d5 17. e5 Nd7 18. cxd5 exd5 19. Nb5 Qe6 20. Nd6 Rxc1 21. Rxc1
Ba8 22. f4 f6 23. f5 Qxe5 24. Qxe5 fxe5 25. Bxa6 Nb8 26. Bc8 h6 27. Be6+ Kh7 28.
b5 d4 29. Re1 d3 30. Kf2 Rd8 31. Nf7 Rd4 32. Nxe5 d2 33. Rd1 Be4 34. Nf3 Rd3 35.
Rxd2 Rxa3 36. Rd8 Ra8 37. Bg8+ Kh8 38. Bf7+ Kh7 39. Bg6# 1-0

[Event "Online Olym Div2 C 2021"]
[Site "chess.com INT"]
[Date "2021.09.03"]
[Round "6.4"]
[Board "5"]
[White "Ranaldi, Lucas"]
[Black "Parkhov, Yair"]
[Result "1-0"]
[WhiteTitle "FM"]
[BlackTitle "IM"]
[WhiteElo "2325"]
[BlackElo "2434"]
[WhiteTeam "Norway"]
[BlackTeam "Israel"]
[WhiteFideId "1519484"]
[BlackFideId "2813408"]
[EventDate "2021.09.02"]
[EventType "team"]

1. Nf3 d5 2. d4 c6 3. c4 e6 4. e3 f5 5. Bd3 Bd6 6. O-O Nh6 7. b3 Qe7 8. Bb2 Nd7
9. Qc1 g5 10. Ba3 Bxa3 11. Qxa3 Qxa3 12. Nxa3 g4 13. Ne1 Nf6 14. Be2 Rg8 15. Nd3
Ke7 16. Rfc1 a5 17. Nb1 Ne4 18. Nc3 Nxc3 19. Rxc3 Nf7 20. a3 Bd7 21. Rac1 Ra7
22. R3c2 h5 23. g3 Be8 24. Nf4 Nd6 25. Bd3 Bf7 26. h4 gxh3 27. Kh2 Raa8 28. Kxh3
Rg5 29. c5 Ne8 30. Be2 Nf6 31. Rh1 Rh8 32. Kg2 Rg7 33. Rh4 Ng4 34. Rc1 Rgh7 35.
Rch1 Nf6 36. Bf3 Rh6 37. Rb1 Rb8 38. b4 axb4 39. Rxb4 Rh7 40. a4 Kd7 41. Nd3 Kc7
42. Ne5 Be8 43. Rh1 Nd7 44. Nxd7 Kxd7 45. a5 Kc8 46. Rhb1 Ra8 47. Ra4 h4 48.
gxh4 Rxh4 49. Rb6 Rh7 50. Be2 Bh5 51. Bxh5 Rxh5 52. a6 Rg5+ 53. Kf3 Rxa6 54.
Raxa6 bxa6 55. Rxc6+ Kd7 56. Rxa6 Rg4 57. Ra7+ Kd8 58. Rb7 Rh4 59. Ke2 Rh1 60.
Rg7 Rh4 61. Kf3 Ke8 62. Kg3 Re4 63. Rh7 Kd8 64. Rh4 Kd7 65. Rxe4 1-0

[Event "Online Olym Div2 C 2021"]
[Site "chess.com INT"]
[Date "2021.09.03"]
[Round "6.4"]
[Board "6"]
[White "Levitan, Ronit"]
[Black "Lindstad, Livia"]
[Result "1-0"]
[WhiteTitle "WCM"]
[WhiteElo "2171"]
[BlackElo "1742"]
[WhiteTeam "Israel"]
[BlackTeam "Norway"]
[WhiteFideId "2815109"]
[BlackFideId "1532405"]
[EventDate "2021.09.02"]
[EventType "team"]

1. e4 c5 2. c3 Nc6 3. d4 cxd4 4. cxd4 d5 5. exd5 Qxd5 6. Nf3 Bg4 7. Nc3 Qd7 8.
d5 Bxf3 9. gxf3 O-O-O 10. dxc6 Qxc6 11. Qe2 a6 12. Bf4 Rd4 13. Be3 Rd6 14. Rc1
Qd7 15. Nb5+ Rc6 16. Na7+ Kd8 17. Nxc6+ bxc6 18. Rd1 Qxd1+ 19. Qxd1+ Kc7 20.
Bf4+ Kb6 21. Qd8+ Kc5 22. Be3+ Kb4 23. Qd4+ Ka5 24. Bd2# 1-0

[Event "Online Olym Div2 C 2021"]
[Site "chess.com INT"]
[Date "2021.09.03"]
[Round "6.5"]
[Board "1"]
[White "Masango, Spencer"]
[Black "Rocha, Sergio"]
[Result "0-1"]
[BlackTitle "IM"]
[WhiteElo "2101"]
[BlackElo "2344"]
[WhiteTeam "Zimbabwe"]
[BlackTeam "Portugal"]
[WhiteFideId "14300753"]
[BlackFideId "1900404"]
[EventDate "2021.09.02"]
[EventType "team"]

1. Nf3 Nf6 2. c4 g6 3. Nc3 Bg7 4. e4 d6 5. d4 O-O 6. Be2 Bg4 7. h3 Bxf3 8. Bxf3
Nfd7 9. O-O e5 10. d5 a5 11. Be3 Na6 12. Qd2 f5 13. Qe2 f4 14. Bd2 h5 15. a3 Qe8
16. Rfb1 Nf6 17. b4 g5 18. c5 Qg6 19. Qe1 g4 20. hxg4 hxg4 21. Be2 f3 22. Bxa6
bxa6 23. Qe3 g3 24. Qg5 gxf2+ 25. Kf1 Qh7 26. gxf3 Nxe4 27. fxe4 Qh3+ 28. Ke2
Qf3+ 29. Kf1 Rf6 30. Rd1 Rh6 31. Qxh6 Bxh6 32. Bxh6 Kh7 0-1

[Event "Online Olym Div2 C 2021"]
[Site "chess.com INT"]
[Date "2021.09.03"]
[Round "6.5"]
[Board "2"]
[White "Fidalgo, Andre Neves"]
[Black "Mwadzura, Roy"]
[Result "1-0"]
[WhiteElo "2263"]
[BlackElo "2017"]
[WhiteTeam "Portugal"]
[BlackTeam "Zimbabwe"]
[WhiteFideId "1933620"]
[BlackFideId "11004436"]
[EventDate "2021.09.02"]
[EventType "team"]

1. d4 Nf6 2. c4 e5 3. dxe5 Ng4 4. Bf4 Bc5 5. e3 d6 6. exd6 Qf6 7. Qd2 cxd6 8.
Nf3 Nc6 9. Nc3 Bf5 10. Nd5 Qd8 11. Be2 O-O 12. O-O h6 13. b4 Bb6 14. Rad1 Nge5
15. Nxe5 dxe5 16. Bg3 a6 17. Qb2 1-0

[Event "Online Olym Div2 C 2021"]
[Site "chess.com INT"]
[Date "2021.09.03"]
[Round "6.5"]
[Board "3"]
[White "Charinda, Kudzanayi"]
[Black "Silva, Mariana Sofia T."]
[Result "0-1"]
[WhiteTitle "WCM"]
[BlackTitle "WCM"]
[WhiteElo "1728"]
[BlackElo "1933"]
[WhiteTeam "Zimbabwe"]
[BlackTeam "Portugal"]
[WhiteFideId "11000538"]
[BlackFideId "1911899"]
[EventDate "2021.09.02"]
[EventType "team"]

1. e4 c6 2. d4 d5 3. exd5 cxd5 4. Bd3 Nc6 5. c3 Qc7 6. Nf3 Bg4 7. Nbd2 e6 8. O-O
Bd6 9. h3 Bh5 10. Be2 Bg6 11. Nh4 Nf6 12. a3 a6 13. Nxg6 hxg6 14. Nf3 Ne4 15.
Be3 b5 16. Rc1 Rb8 17. Qc2 a5 18. c4 bxc4 19. Bxc4 Ne7 20. Qa4+ Qd7 21. Bb3 Nf5
22. Qxd7+ Kxd7 23. Ba4+ Ke7 24. Rc2 Rhc8 25. Rfc1 Rc4 26. Rxc4 dxc4 27. Rc2 Nxe3
28. fxe3 c3 29. b3 f6 30. Bc6 Ng3 31. Ba4 Bxa3 32. Kf2 Bd6 33. Ne1 Ne4+ 34. Ke2
Bb4 35. Nd3 Ng3+ 36. Kf2 Nf5 37. Ke2 Rc8 38. Nf4 Ng3+ 39. Kd3 g5 40. Ne2 Nf5 41.
Bb5 Nh4 42. Bc4 Nxg2 43. Ke4 f5+ 0-1

[Event "Online Olym Div2 C 2021"]
[Site "chess.com INT"]
[Date "2021.09.03"]
[Round "6.5"]
[Board "4"]
[White "Monteiro, Sara Cristina da Silva"]
[Black "Makwena, Christine"]
[Result "1-0"]
[WhiteTitle "WCM"]
[WhiteElo "1662"]
[BlackElo "1614"]
[WhiteTeam "Portugal"]
[BlackTeam "Zimbabwe"]
[WhiteFideId "1909860"]
[BlackFideId "11003391"]
[EventDate "2021.09.02"]
[EventType "team"]

1. d4 c5 2. dxc5 e6 3. e4 Bxc5 4. Nf3 Qb6 5. Qd2 Nf6 6. Nc3 Ng4 7. Na4 Bxf2+ 8.
Kd1 Qc6 9. Nc3 Be3 10. Ne5 Bf2 11. Nxc6 Nxc6 12. Qf4 1-0

[Event "Online Olym Div2 C 2021"]
[Site "chess.com INT"]
[Date "2021.09.03"]
[Round "6.5"]
[Board "6"]
[White "Silva, Ana Ines Teixeira Da"]
[Black "Mawire, Rumbidzai"]
[Result "1-0"]
[WhiteTitle "WCM"]
[BlackTitle "WCM"]
[WhiteElo "1804"]
[BlackElo "1388"]
[WhiteTeam "Portugal"]
[BlackTeam "Zimbabwe"]
[WhiteFideId "1932543"]
[BlackFideId "14317940"]
[EventDate "2021.09.02"]
[EventType "team"]

1. e4 c5 2. Nc3 e6 3. Nge2 a6 4. g3 Qc7 5. Bg2 Nf6 6. O-O Be7 7. d3 d6 8. f4
Nbd7 9. h3 O-O 10. Be3 Re8 11. Qe1 Nb6 12. Nd1 Bd7 13. g4 Bc6 14. Kh1 c4 15. g5
Nfd7 16. Nf2 d5 17. Ng4 dxe4 18. dxe4 Nf8 19. Qf2 Nbd7 20. Ng3 b5 21. f5 f6 22.
Nh5 e5 23. Qh4 Qd8 24. gxf6 Nxf6 25. Ngxf6+ Bxf6 26. Nxf6+ Qxf6 27. Bg5 Qf7 28.
Bf3 Qb7 29. Rg1 Ra7 30. Bh6 1-0

[Event "Online Olym Div2 C 2021"]
[Site "chess.com INT"]
[Date "2021.09.04"]
[Round "7.1"]
[Board "1"]
[White "Martins, David Pires Tavares"]
[Black "Aleksandrov, Aleksej"]
[Result "0-1"]
[WhiteTitle "IM"]
[BlackTitle "GM"]
[WhiteElo "2398"]
[BlackElo "2525"]
[WhiteTeam "Portugal"]
[BlackTeam "Belarus"]
[WhiteFideId "1909991"]
[BlackFideId "13500139"]
[EventDate "2021.09.02"]
[EventType "team"]

1. d4 Nf6 2. c4 e6 3. Nc3 Bb4 4. Qc2 O-O 5. e4 d5 6. e5 Ne4 7. a3 Bxc3+ 8. bxc3
c5 9. Bb2 b5 10. cxb5 cxd4 11. cxd4 Qa5+ 12. Ke2 Bd7 13. Ke3 Rc8 14. Qd3 Bxb5
15. Qd1 Bxf1 16. Ne2 Bxe2 17. Qxe2 f5 18. Rhc1 Nd7 19. f3 f4+ 20. Kxf4 Qd2+ 21.
Qxd2 Nxd2 22. Rxc8+ Rxc8 23. Rc1 Rxc1 24. Bxc1 Nb3 25. Bb2 Nb6 26. Bc3 Na4 27.
Bb4 Nxd4 28. g4 Nc6 29. Bd6 Nb2 30. h4 Nd3+ 31. Ke3 Ndxe5 32. Bc5 Nc4+ 33. Kd3
e5 34. a4 Kf7 0-1

[Event "Online Olym Div2 C 2021"]
[Site "chess.com INT"]
[Date "2021.09.04"]
[Round "7.1"]
[Board "2"]
[White "Nikitenko, Mihail"]
[Black "Fidalgo, Andre Neves"]
[Result "1-0"]
[WhiteTitle "IM"]
[WhiteElo "2501"]
[BlackElo "2263"]
[WhiteTeam "Belarus"]
[BlackTeam "Portugal"]
[WhiteFideId "13506862"]
[BlackFideId "1933620"]
[EventDate "2021.09.02"]
[EventType "team"]

1. e4 c5 2. Nf3 d6 3. d4 cxd4 4. Nxd4 Nf6 5. Nc3 a6 6. Nb3 e5 7. Bg5 Be7 8. Qd3
Be6 9. Bxf6 Bxf6 10. O-O-O Be7 11. Nd5 Bg5+ 12. Kb1 O-O 13. g3 f5 14. Bh3 g6 15.
f4 exf4 16. gxf4 Bh6 17. exf5 Bxf5 18. Bxf5 Rxf5 19. Nd4 Rxd5 20. Qc4 Qa5 21. b4
Qb6 22. Qxd5+ Kh8 23. a3 Nc6 24. Nxc6 bxc6 25. Qd4+ Qxd4 26. Rxd4 d5 27. Re1 Rf8
28. Re6 Bxf4 29. Rxc6 Bxh2 30. Rxa6 g5 31. b5 Bf4 32. b6 Rb8 33. Ka2 h5 34. Rb4
h4 35. b7 Kg7 36. Ra8 Bc7 37. Rb5 h3 38. Rxd5 h2 39. Rxb8 Bxb8 40. Rxg5+ Kf6 41.
Rh5 Kg6 42. Rh3 Kg5 43. Rh8 Be5 44. Rh7 Kg4 45. a4 Kf3 46. a5 Kg2 47. a6 Bb8 48.
c4 h1=Q 49. Rxh1 Kxh1 50. c5 1-0

[Event "Online Olym Div2 C 2021"]
[Site "chess.com INT"]
[Date "2021.09.04"]
[Round "7.1"]
[Board "3"]
[White "Silva, Mariana Sofia T."]
[Black "Tarasenka, Aliaksandra"]
[Result "0-1"]
[WhiteTitle "WCM"]
[BlackTitle "WFM"]
[WhiteElo "1933"]
[BlackElo "2124"]
[WhiteTeam "Portugal"]
[BlackTeam "Belarus"]
[WhiteFideId "1911899"]
[BlackFideId "13514288"]
[EventDate "2021.09.02"]
[EventType "team"]

1. Nf3 f5 2. d3 Nc6 3. e4 e5 4. Nc3 Nf6 5. Bg5 Bb4 6. Be2 O-O 7. O-O Bxc3 8.
bxc3 fxe4 9. dxe4 d6 10. Rb1 Qe8 11. Re1 Qg6 12. Bc4+ Kh8 13. Qd3 Rb8 14. Bd5
Ne7 15. Red1 Nexd5 16. exd5 e4 17. Qf1 exf3 18. Bxf6 Rxf6 19. Re1 Bh3 20. Re3
Bxg2 0-1

[Event "Online Olym Div2 C 2021"]
[Site "chess.com INT"]
[Date "2021.09.04"]
[Round "7.1"]
[Board "4"]
[White "Ilyuchyk, Yana"]
[Black "Ferreira, Ana Margarida"]
[Result "1-0"]
[WhiteTitle "WFM"]
[WhiteElo "2170"]
[BlackElo "1745"]
[WhiteTeam "Belarus"]
[BlackTeam "Portugal"]
[WhiteFideId "13508407"]
[BlackFideId "1907000"]
[EventDate "2021.09.02"]
[EventType "team"]

1. e4 c5 2. Nf3 e6 3. d4 cxd4 4. Nxd4 a6 5. Nc3 Qc7 6. Be2 Bb4 7. Bd2 Nf6 8. Bf3
Nc6 9. Nb3 O-O 10. O-O b5 11. g3 Bb7 12. a3 Be7 13. Bg2 d6 14. f4 Rfd8 15. Qe2
Rac8 16. Rae1 b4 17. axb4 Nxb4 18. Be3 d5 19. e5 Nd7 20. Nd4 Nc6 21. f5 Nxd4 22.
Bxd4 Bc5 23. Rf4 Bxd4+ 24. Rxd4 Qb6 25. Qe3 Qxb2 26. Ne2 Rxc2 27. f6 Nf8 28.
fxg7 Ng6 29. h4 Kxg7 30. h5 Rdc8 31. hxg6 hxg6 32. Qf2 a5 33. Qf6+ Kg8 34. Rh4 1-0

[Event "Online Olym Div2 C 2021"]
[Site "chess.com INT"]
[Date "2021.09.04"]
[Round "7.1"]
[Board "5"]
[White "Veiga, Jose Francisco R P Neves"]
[Black "Zarubitski, Viachaslau"]
[Result "1-0"]
[WhiteTitle "FM"]
[BlackTitle "IM"]
[WhiteElo "2369"]
[BlackElo "2416"]
[WhiteTeam "Portugal"]
[BlackTeam "Belarus"]
[WhiteFideId "1930087"]
[BlackFideId "13509373"]
[EventDate "2021.09.02"]
[EventType "team"]

1. e4 e5 2. Nf3 Nf6 3. Nxe5 d6 4. Nf3 Nxe4 5. d3 Nf6 6. d4 Be7 7. Bd3 O-O 8. O-O
Bg4 9. Re1 Re8 10. Nbd2 Nbd7 11. Nf1 Bh5 12. Ng3 Bg6 13. Nf5 Bf8 14. Rxe8 Qxe8
15. Be3 d5 16. Qf1 Qe6 17. N3h4 Re8 18. c3 Ne4 19. Nxg6 Qxg6 20. Ng3 Bd6 21. c4
Nxg3 22. hxg3 Qf6 23. Re1 dxc4 24. Bxc4 Nb6 25. Bg5 Qxg5 26. Rxe8+ Bf8 27. Bb3
g6 28. Qe1 a5 29. f4 Qf6 30. Qe5 Qxe5 31. fxe5 Kg7 32. a3 a4 33. Ba2 c5 34. d5
c4 35. d6 g5 36. Kf1 f6 37. exf6+ Kf7 38. Rxf8+ Kxf8 39. Bxc4 Nd7 40. Bb5 Nxf6
41. Bxa4 Ne4 42. Bc2 Nxd6 43. Bxh7 Nc4 44. b3 Nd2+ 45. Ke2 Nxb3 46. Kf3 Ke7 47.
Ke4 Kf6 48. Kd5 g4 49. Bd3 Kg5 50. Kc4 Nc1 51. Bf1 Kf5 52. Kc3 Ke4 53. Kc2 Na2
54. Kb2 Ke3 55. Kxa2 Kf2 56. Bc4 Kxg2 57. Bd5+ Kxg3 58. Bxb7 1-0

[Event "Online Olym Div2 C 2021"]
[Site "chess.com INT"]
[Date "2021.09.04"]
[Round "7.1"]
[Board "6"]
[White "Poliakova, Varvara"]
[Black "Silva, Ana Ines Teixeira Da"]
[Result "1/2-1/2"]
[BlackTitle "WCM"]
[WhiteElo "1944"]
[BlackElo "1804"]
[WhiteTeam "Belarus"]
[BlackTeam "Portugal"]
[WhiteFideId "13518313"]
[BlackFideId "1932543"]
[EventDate "2021.09.02"]
[EventType "team"]

1. e4 Nf6 2. e5 Nd5 3. c4 Nb6 4. d4 d6 5. exd6 exd6 6. Nc3 Nc6 7. d5 Ne5 8. f4
Ng6 9. Nf3 Be7 10. Bd3 O-O 11. O-O Bf6 12. Ne4 Re8 13. Qc2 Bg4 14. Bd2 Nd7 15.
Rae1 Bxf3 16. Rxf3 Bd4+ 17. Kh1 Nf6 18. Bc3 Bxc3 19. Qxc3 Nxe4 20. Bxe4 Qd7 21.
g3 Re7 22. Rfe3 Rae8 23. Kg2 c6 24. dxc6 bxc6 25. Qd4 d5 26. cxd5 cxd5 27. Bxg6
hxg6 28. Rxe7 Rxe7 29. Rxe7 Qxe7 30. Kf2 Qc7 31. Ke3 Qc1+ 32. Kf3 Qh1+ 33. Kg4
Qxh2 34. Qxd5 Qe2+ 35. Kh3 Qxb2 36. Qa8+ Kh7 37. Qxa7 Qe2 38. a4 Qh5+ 39. Kg2
Qe2+ 40. Kh1 Qd1+ 41. Kh2 Qe2+ 42. Kg1 Qe1+ 43. Kh2 Qe2+ 44. Kh3 Qh5+ 45. Kg2
Qe2+ 46. Kh1 Qe1+ 47. Kh2 Qe2+ 1/2-1/2

[Event "Online Olym Div2 C 2021"]
[Site "chess.com INT"]
[Date "2021.09.04"]
[Round "7.2"]
[Board "1"]
[White "Rodshtein, Maxim"]
[Black "Mwadzura, Roy"]
[Result "1-0"]
[WhiteTitle "GM"]
[WhiteElo "2599"]
[BlackElo "2017"]
[WhiteTeam "Israel"]
[BlackTeam "Zimbabwe"]
[WhiteFideId "2806851"]
[BlackFideId "11004436"]
[EventDate "2021.09.02"]
[EventType "team"]

1. d4 Nf6 2. c4 e6 3. Nf3 d5 4. g3 Be7 5. Bg2 O-O 6. O-O c5 7. cxd5 exd5 8. Nc3
h6 9. Bf4 Nc6 10. Rc1 cxd4 11. Nxd4 Qb6 12. Nb3 Rd8 13. Qd3 d4 14. Na4 Qb4 15.
Nac5 Bxc5 16. Rxc5 Be6 17. Rb5 Qe7 18. Nc5 Bd5 19. Nxb7 Bxg2 20. Nxd8 Bxf1 21.
Nxc6 Qxe2 22. Qxe2 Bxe2 23. Re5 d3 24. Bd2 Nd7 25. Re3 Nb6 26. Ne7+ Kh7 27. b3
a5 28. a4 Nd7 29. Nc6 Nc5 30. Nxa5 Rb8 31. b4 Nxa4 32. Nc6 Rb6 33. Nd4 Nb2 34.
Nxe2 dxe2 35. Rxe2 Nc4 36. Be1 Rb5 37. Rc2 Ne5 38. Bc3 Nc6 39. Kf1 Kg6 40. h4
Rb6 41. Rb2 Kf5 42. Bxg7 Nxb4 43. Bxh6 Rxh6 44. Rxb4 Rc6 45. g4+ Kg6 46. Rb5 f6
47. Kg2 Rc4 48. Kg3 Rc1 49. h5+ Kh6 50. Rb6 Kg7 51. Rb7+ Kh6 52. Rf7 Rc6 53. Kh4 1-0

[Event "Online Olym Div2 C 2021"]
[Site "chess.com INT"]
[Date "2021.09.04"]
[Round "7.2"]
[Board "2"]
[White "Chigodo, Mukai  Cyril"]
[Black "Roiz, Michael"]
[Result "0-1"]
[BlackTitle "GM"]
[WhiteElo "1982"]
[BlackElo "2580"]
[WhiteTeam "Zimbabwe"]
[BlackTeam "Israel"]
[WhiteFideId "11005068"]
[BlackFideId "2804158"]
[EventDate "2021.09.02"]
[EventType "team"]

1. Nf3 Nf6 2. d4 d5 3. Nc3 e6 4. Bf4 Bd6 5. Bg3 O-O 6. e3 c5 7. Be2 a6 8. a4 b6
9. O-O Bb7 10. Ne5 Nc6 11. f4 cxd4 12. Nxc6 Bxc6 13. exd4 Qc7 14. Bd3 Ne4 15.
Nxe4 dxe4 16. Be2 f5 17. c4 Rfd8 18. Qb3 a5 19. Kh1 Bb4 20. Rfd1 Qf7 21. d5 exd5
22. cxd5 Bxd5 23. Rxd5 Rxd5 24. Bc4 Rad8 25. h3 Kh8 26. Kh2 Qd7 27. Bxd5 Qxd5
28. Qc2 h6 29. Bh4 Rd7 30. Qc8+ Kh7 31. Rc1 Bd2 32. Rf1 Qd3 33. Qe8 Qxf1 34.
Qxd7 Bxf4+ 35. g3 Be3 0-1

[Event "Online Olym Div2 C 2021"]
[Site "chess.com INT"]
[Date "2021.09.04"]
[Round "7.2"]
[Board "3"]
[White "Gutmakher, Olga"]
[Black "Makwena, Christine"]
[Result "1-0"]
[WhiteTitle "WIM"]
[WhiteElo "2236"]
[BlackElo "1614"]
[WhiteTeam "Israel"]
[BlackTeam "Zimbabwe"]
[WhiteFideId "2807602"]
[BlackFideId "11003391"]
[EventDate "2021.09.02"]
[EventType "team"]

1. e4 e6 2. d4 d5 3. e5 c5 4. c3 Nc6 5. Nf3 Bd7 6. Be2 Qb6 7. O-O Nge7 8. dxc5
Qxc5 9. b4 Qb6 10. Be3 Qc7 11. Bc5 b6 12. Bd6 Qc8 13. Na3 a6 14. c4 Ng6 15. Bxf8
Nxf8 16. cxd5 exd5 17. b5 Ne7 18. Rc1 Qd8 19. bxa6 Ne6 20. Nd4 Nxd4 21. Qxd4 O-O
22. Rfd1 Be6 23. Bb5 Nf5 24. Qf4 Qe7 25. Nc2 Rac8 26. Nb4 Rc5 27. Nc6 Qh4 28.
Qxh4 Nxh4 29. a4 Rxc1 30. Rxc1 Ng6 31. a7 Ra8 32. Ba6 Bd7 33. Bb7 Bxc6 34. Bxa8
Bxa8 35. Rc8+ Nf8 36. Rxa8 1-0

[Event "Online Olym Div2 C 2021"]
[Site "chess.com INT"]
[Date "2021.09.04"]
[Round "7.2"]
[Board "4"]
[White "Zengeni, Tatenda Melisa"]
[Black "Lahav, Michal"]
[Result "0-1"]
[BlackTitle "WIM"]
[WhiteElo "1581"]
[BlackElo "2127"]
[WhiteTeam "Zimbabwe"]
[BlackTeam "Israel"]
[WhiteFideId "11001313"]
[BlackFideId "2813742"]
[EventDate "2021.09.02"]
[EventType "team"]

1. d4 Nf6 2. Nf3 c5 3. e3 g6 4. b3 Bg7 5. Bb2 O-O 6. Bd3 b6 7. O-O Bb7 8. Nbd2
d6 9. c4 Nbd7 10. Qc2 Rc8 11. d5 b5 12. Rfe1 Rb8 13. e4 Ba6 14. e5 dxe5 15. Nxe5
Nxe5 16. Bxe5 Rb6 17. Nf3 bxc4 18. bxc4 Qd7 19. Rab1 Rxb1 20. Rxb1 Rc8 21. h3
Rd8 22. Qb2 Qa4 23. Qb3 Qxb3 24. Rxb3 Nxd5 25. Bxg7 Nb4 26. Bd4 Nxd3 27. Rxd3
cxd4 28. Rxd4 Rxd4 29. Nxd4 Bxc4 30. a3 e6 31. f4 Kg7 32. Kf2 Kf6 33. g4 h6 34.
h4 g5 35. hxg5+ hxg5 36. f5 a6 37. Ke3 Bf1 38. fxe6 fxe6 39. Kf3 Ke5 40. Nc6+
Kd5 41. Nb4+ Kd4 42. Nc6+ Kc3 43. Nd8 Bc4 44. Nf7 Kb3 45. Nxg5 Kxa3 46. Ne4 Kb2
47. Nc5 a5 48. Ke4 Kc3 49. Ke5 Kb4 50. Ne4 a4 51. Nf2 a3 52. g5 a2 0-1

[Event "Online Olym Div2 C 2021"]
[Site "chess.com INT"]
[Date "2021.09.04"]
[Round "7.2"]
[Board "5"]
[White "Parkhov, Yair"]
[Black "Mureya Terrence"]
[Result "0-1"]
[WhiteTitle "IM"]
[WhiteElo "2434"]
[BlackElo "1868"]
[WhiteTeam "Israel"]
[BlackTeam "Zimbabwe"]
[WhiteFideId "2813408"]
[BlackFideId "11011483"]
[EventDate "2021.09.02"]
[EventType "team"]

1. d4 Nf6 2. c4 e6 3. Nc3 d5 4. cxd5 exd5 5. Bg5 Be7 6. e3 O-O 7. Bd3 Nbd7 8.
Nge2 c6 9. Qc2 h6 10. Bh4 Re8 11. O-O Ne4 12. Bxe7 Qxe7 13. Bxe4 dxe4 14. Ng3
Nf6 15. Rae1 a5 16. f3 exf3 17. Rxf3 Bg4 18. Rff1 Rad8 19. h3 Be6 20. Nf5 Bxf5
21. Qxf5 Qb4 22. Re2 b5 23. Qf3 Qd6 24. Ref2 Re7 25. Qe2 Rde8 26. Rxf6 gxf6 27.
Qg4+ Kf8 28. Qh5 Qg3 29. Qxh6+ Qg7 30. Qf4 Rxe3 31. Qd6+ Kg8 32. Qxc6 Re1 33.
Nd5 Rxf1+ 34. Kxf1 Re6 35. Qc8+ Kh7 36. Nf4 Re7 37. Qf5+ Kh8 38. h4 Kg8 39. Qc8+
Qf8 40. Qc6 Qe8 41. Qf3 Re1+ 42. Kf2 Rb1 43. Kg3 Rxb2 44. Nd5 Qe1+ 45. Kg4 Qe6+
46. Kh5 Qe2 47. Nxf6+ Kg7 48. Ne8+ Qxe8 49. Qg3+ Kf8 50. Qd6+ Qe7 51. Qb8+ Kg7
52. Qg3+ Kh7 53. Qd3+ Kh8 54. g4 Qf6 55. g5 Qg6+ 56. Qxg6 fxg6+ 57. Kxg6 Rd2 0-1